00449nam a2200193 a 4500001001300000003000900013005001700022008004100039020001000080082001600090100000700106245001800113260003300131300001000164500003500174505002200209650001700231700000700248nice12345678IN_TiNIC20260116011439.0050524s1906 bana grs 000 0 iwg  ac10000a220.44bBIB a,  aHebrew Bible. aBangalorebStreelekha c1906 a1384p aincludes index and biblioraphy2 aAppendix, Indices aBible-Hebrew1 a,